|
|
|
|
| LEADER |
00000nam0a2200000 4500 |
| 001 |
31985 |
| 005 |
20231030204700.0 |
| 010 |
|
|
|a 5247030559
|
| 035 |
|
|
|a (RuTPU)RU\TPU\book\32280
|
| 035 |
|
|
|a BOOK00000359
|
| 090 |
|
|
|a 31985
|
| 100 |
|
|
|a 20011210d1992 k y0rusy50 ca
|
| 101 |
0 |
|
|a rus
|
| 102 |
|
|
|a RU
|
| 105 |
|
|
|a a z 001zy
|
| 200 |
1 |
|
|a Сорбционные свойства океанических железомарганцевых конкреций и корок
|f Н. Ф. Челищев, Н. К. Грибанова, Г. В. Новиков; Ин-т минералогии, геохимии и кристаллохимии редких элементов
|
| 210 |
|
|
|a Москва
|c Недра
|d 1992
|
| 215 |
|
|
|a 316 с.
|c ил.
|
| 320 |
|
|
|a Библиогр.: с. 304-313.
|
| 610 |
1 |
|
|a геология
|
| 610 |
1 |
|
|a океанические железомарганцевые конкреции
|
| 610 |
1 |
|
|a сорбционные свойства
|
| 610 |
1 |
|
|a неорганические сорбенты
|
| 610 |
1 |
|
|a океаническое минералообразование
|
| 675 |
|
|
|a 553.3
|v 3
|
| 700 |
|
1 |
|a Челищев
|b Н. Ф.
|g Николай Федорович
|
| 701 |
|
1 |
|a Грибанова
|b Н. К.
|g Наталья Константиновна
|
| 701 |
|
1 |
|a Новиков
|b Г. В.
|g Георгий Валентинович
|
| 712 |
0 |
2 |
|a Российская академия наук (РАН)
|b Институт минералогии, геохимии и кристаллохимии редких элементов (ИМГРЭ)
|c (Москва)
|2 stltpush
|3 (RuTPU)RU\TPU\col\280
|
| 801 |
|
0 |
|a RU
|b 63413507
|c 20011210
|g PSBO
|
| 801 |
|
2 |
|a RU
|b 63413507
|c 20150320
|g PSBO
|
| 942 |
|
|
|c BK
|